000
00225 a2200097 4500
001
13695
100
_a
Boyle, J A
245
_a
The History of the World
260
_a
London
_b
University of Manchester
_c
090
_c
10690
_d
10690
942
_a
NUST-CAE
_c
M
_c
770
999
_c
248768
_d
248768